000
00405nam a2200157Ia 4500
008
230116s9999 xx 000 0 und d
020
_a
0385025548
041
_a
eng
082
_a
720.95
100
_a
Jencks C.
_9
106461
245
_a
Modern Movements In Architecture.
260
_b
Anchor Books.
_c
1973
300
_a
432
906
_b
37.0
999
_c
84050
_d
84050